Handbook of soil science (Record no. 42716)

MARC details
000 -LEADER
fixed length control field 00476nam a2200181Ia 4500
020 ## - INTERNATIONAL STANDARD BOOK NUMBER
ISBN 0849331366
082 ## - DEWEY DECIMAL CLASSIFICATION NUMBER
Classification number 631.4(035)
Item number SUM
100 ## - MAIN ENTRY--AUTHOR NAME
Personal name Sumner, Malcolm E
245 #0 - TITLE STATEMENT
Title Handbook of soil science
260 ## - PUBLICATION, DISTRIBUTION, ETC. (IMPRINT)
Place of publication Boca Raton
Name of publisher C R C Press
Year of publication 2000
650 ## - SUBJECT ADDED ENTRY--TOPICAL TERM
Topical Term Plant nutrition
650 ## - SUBJECT ADDED ENTRY--TOPICAL TERM
Topical Term Soil chemistry
650 ## - SUBJECT ADDED ENTRY--TOPICAL TERM
Topical Term Soil database
650 ## - SUBJECT ADDED ENTRY--TOPICAL TERM
Topical Term Soil fertility
650 ## - SUBJECT ADDED ENTRY--TOPICAL TERM
Topical Term Water potential relationship
942 ## - ADDED ENTRY ELEMENTS (KOHA)
Koha item type Books
Holdings
Withdrawn status Lost status Damaged status Not for loan Home library Current library Date acquired Cost, normal purchase price Full call number Accession Number Koha item type
        RRII Library RRII Library 16/12/2021 97.00 631.4(035) SUM 22982 Books